| 000 | 00345cam a22001337a 4500 | ||
|---|---|---|---|
| 008 | 180718b1899 xxu||||| |||| 00| 0 eng d | ||
| 082 | _aA6x54 R861/B113 | ||
| 100 | _aLane-Poole, Stanley | ||
| 245 |
_aBabar _cby Stanley Lane-Poole |
||
| 260 |
_aOxford _bClarendon Press _c1899 |
||
| 300 | _a206+p. | ||
| 440 | _aRulers of India | ||
| 650 | _aBabar | ||
| 999 |
_c438150 _d438150 |
||